000 01230nam0a2200325 4500
001 RU\NLR\BIBL_A\011459480
005 20250810072445.0
035 _a(NLR Aleph) 011459480
090 _a11794948
_c11794948
100 _a20170822d1942 m y0rusy50 ca
101 0 _asah
102 _aRU
105 _ac z 000 y
181 0 _ai
_baxxe
182 0 _an
200 1 _aСаха сирин уолаттара ийэ дойду иhин охсуhууга
_f[эп. ред. А. Р. Халыев]
203 _aТекст
_bвизуальный
_cнепосредственный
210 _aЯкутскай
_cСАССР госиздата
_d1942
215 _a63, [1] с.
_cпортр.
_d21
541 1 _aСыны Якутии в боях за Родину
_zrus
606 1 _aВеликая Отечественная война
_yЯкутская АССР
_z1941 - 1945
_91237083
_3RU\NLR\AUTH\66187461
686 1 _aТ3(2Р=6Я)722
702 1 _aХалыев
_bА. Р.
_4340
852 _aNLR
_bОНЛ
_jЯкут./3-268
852 _aNLR
_bОНЛ
_jЯкут./3-268
942 _cBOOK
945 _aРоссийская национальная библиотека
980 _aNB
980 _aBV